000 00426nam a2200181Ia 4500
001 10432
005 20260306161832.0
008 260306t1943||||xx |||||||||||||| ||spa||
041 _aESP
082 _a928.6
_bM14
100 _aMadrid, Francisco
_eAUT
245 0 _aLa vida altiva de Valle-Inclán
260 _c1943
300 _a387 páginas :
_c23 cm.
650 _aGEN
654 _aCHU
942 _cLIB
_dJUS
_fJUS
_2ddc
_n
999 _c10432
_d10432